Statistics for Who Invented It?

Click here to take the quiz!

General Stats

  • This quiz has been taken 25 times
  • The average score is 7 of 10

Answer Stats

QuestionAnswer% Correct
The TelephoneAlexander Graham Bell
100%
RadiumMarie Curie
100%
AirplanesAll of the above
91%
FacebookMark Zuckerburg
86%
PenicllinAlexander Fleming
77%
SCUBAJacques Cousteau
73%
Lightning RodBen Franklin
59%
Time-travelAll of the above
55%
CarsKarl Benz
50%
Lego bricksOle Kirk Christiansen
45%

Score Distribution

Percentile by Number Answered

Percent of People with Each Score

Your Score History

You have not taken this quiz